Score 0/25 Timer 08:00
1 Play Today
% Correct
Austin Powers: International Man of Mystery
91.6%
Casino Royale
91.6%
Mission: Impossible
89.1%
Charlie's Angels
88.4%
Spy Kids
84.7%
The Bourne Identity
81.8%
Mr & Mrs. Smith
79.6%
Argo
68.8%
Get Smart
65.5%
Dr. No
64.7%
xXx
62%
True Lies
59.3%
Kingsman: The Secret Service
55.2%
% Correct
GoldenEye
54.9%
Tinker, Tailor, Soldier, Spy
41.9%
Spies Like Us
35.4%
The Living Daylights
32.3%
The Saint
28.1%
Live and Let Die
27.2%
Spy Game
24.3%
Sneakers
21.5%
Ronin
14.3%
Three Days of the Condor
12.7%
Our Man Flint
9.4%
The Spy Who Came in from the Cold
9%

You're not logged in!

Compare scores with friends on all Sporcle quizzes.
OR
Log In

Sporcle TV

Today on Sporcle TV


Watch our educational content, quiz creation guides, and fun videos on Sporcle TV.

Show Comments

Extras

Top Quizzes Today


Score Distribution

Paid Content

Your Account Isn't Verified!

In order to create a playlist on Sporcle, you need to verify the email address you used during registration. Go to your Sporcle Settings to finish the process.

Report this User

Report this user for behavior that violates our Community Guidelines.

Details: